<?xml version="1.0" encoding="UTF-8"?>
<record
    xmlns:xsi="http://www.w3.org/2001/XMLSchema-instance"
    xsi:schemaLocation="http://www.loc.gov/MARC21/slim http://www.loc.gov/standards/marcxml/schema/MARC21slim.xsd"
    xmlns="http://www.loc.gov/MARC21/slim">

  <leader>01152cam a22002291  4500</leader>
  <controlfield tag="001">sa 64005154 </controlfield>
  <controlfield tag="003">DLC</controlfield>
  <controlfield tag="005">20260227112030.0</controlfield>
  <controlfield tag="008">860515m19349999ii           f000 0 eng  </controlfield>
  <datafield tag="010" ind1=" " ind2=" ">
    <subfield code="a">sa 64005154 </subfield>
  </datafield>
  <datafield tag="035" ind1=" " ind2=" ">
    <subfield code="a">(OCoLC)15867145</subfield>
  </datafield>
  <datafield tag="040" ind1=" " ind2=" ">
    <subfield code="a">DLC</subfield>
    <subfield code="c">MnSU</subfield>
    <subfield code="d">OCoLC</subfield>
    <subfield code="d">DLC</subfield>
  </datafield>
  <datafield tag="042" ind1=" " ind2=" ">
    <subfield code="a">premarc</subfield>
  </datafield>
  <datafield tag="043" ind1=" " ind2=" ">
    <subfield code="a">a-ii---</subfield>
  </datafield>
  <datafield tag="050" ind1="0" ind2="0">
    <subfield code="a">QK355</subfield>
    <subfield code="b">.F58</subfield>
  </datafield>
  <datafield tag="245" ind1="0" ind2="0">
    <subfield code="a">Flora of Assam,</subfield>
    <subfield code="c">by U. N. Kanjilal and others.</subfield>
  </datafield>
  <datafield tag="260" ind1=" " ind2=" ">
    <subfield code="a">[Shillona]</subfield>
    <subfield code="b">Published under the authority of the Government of Assam,</subfield>
    <subfield code="c">[pref. 1934-40?]</subfield>
  </datafield>
  <datafield tag="300" ind1=" " ind2=" ">
    <subfield code="a">5. v. in 6</subfield>
    <subfield code="c">19 cm.</subfield>
  </datafield>
  <datafield tag="505" ind1="1" ind2=" ">
    <subfield code="a">v. 1, pt. 1, Ranunculaceae to Elaeocarpaceae, by U. N. Kanjilal, P. C. Kanjilal, and A. Das.--v. 1, pt. 2, Linaceae to Moringaceae by U. N. Kanjilal, P. C. Kanjilal, A. Das and C. Purkayastha.--v. 2. Connaraceae to Coraceae, by U. N. Kanjilal, P. C. Kanjilal, and A. Das.--v. 3. Caprifoliceae to Plantaginaceae, by U. N. Kanjilal, A. Das, P. C. Kanjilal and R. N. De.--v. 4. Nyctaginaceae to Cycadaceae, by U. N. Kanjilal, P. C. Kanjilal, R. N. De and A. Das.--v. 5. Gramineae, by N. L. Bor.</subfield>
  </datafield>
  <datafield tag="650" ind1=" " ind2="0">
    <subfield code="a">Botany</subfield>
    <subfield code="z">India</subfield>
    <subfield code="z">Assam.</subfield>
  </datafield>
  <datafield tag="700" ind1="1" ind2=" ">
    <subfield code="a">Kanjilal, Upendranath,</subfield>
    <subfield code="d">1859-1928.</subfield>
  </datafield>
  <datafield tag="999" ind1=" " ind2=" ">
    <subfield code="c">58972</subfield>
    <subfield code="d">58972</subfield>
  </datafield>
</record>
